00413nam a2200121Ia 4500008004100000082001000041100007600051245003000127260006700157300000700224630003000231730003000261100204s9999 xx 000 0 und d b14179 aखानोलकर चिंतामणी त्र्यंबक aआपुले मरण b"मौज प्रकाशन , मुंबई"c1990 a51 aआपुले मरण aआपुले मरण